| 000 | 00975 a2200229 4500 | ||
|---|---|---|---|
| 001 | 60572 | ||
| 005 | 20260407155856.0 | ||
| 008 | 260407a1974 arg spa d | ||
| 003 | AR-UNSa-BCEJYS | ||
| 040 |
_aAR-UNSa-BCEJYS _bspa _cAR-UNSa-BCEJYS |
||
| 080 |
_a316.35 _xGrupos sociales. Organizaciones sociales |
||
| 245 | 1 | 0 |
_aDos contra uno _pTeoría de coaliciones en las tríadas |
| 020 | _a978-84-206-2088-6 | ||
| 264 | 1 |
_aMadrid : _bAlianza Editorial _c1974 |
|
| 300 |
_a213 p. _c20 cm. |
||
| 505 | _a1. Introducción - 2. En alabanza a Georg Simmel – 3. En torno al tablero de pachisi – 4. Estrategias antropoides – 5. Triadas organizacionales – 6. La triada primaria – 7. Otras triadas familiares – 8. Los motivos de Hamlet – 9. Juegos de gran envergadura – 10. La marcha de la Historia | ||
| 041 | _aspa | ||
| 942 | _cBK | ||
| 590 | _aniveau_biblio:m niveau_hierar:0 | ||
| 100 | 1 | _aCaplow, Theodore | |
| 700 | 1 | _aSánchez Sáinz-Trápaga, Natividad | |
| 999 |
_c7037 _d7037 |
||